<?xml version="1.0" encoding="UTF-8"?>
<collection xmlns="http://www.loc.gov/MARC21/slim">
 <record>
  <leader>03951nam a2200397 a 4500</leader>
  <controlfield tag="001">1/21341</controlfield>
  <controlfield tag="008">980209s1971    gr       b    001 0 gre  </controlfield>
  <datafield tag="035" ind1=" " ind2=" ">
   <subfield code="l">21976</subfield>
  </datafield>
  <datafield tag="040" ind1=" " ind2=" ">
   <subfield code="a">GR-PeUP</subfield>
  </datafield>
  <datafield tag="082" ind1="0" ind2="0">
   <subfield code="a">Π 949.506 ΙΣΤ</subfield>
  </datafield>
  <datafield tag="245" ind1="0" ind2="0">
   <subfield code="a">Ιστορία του Ελληνικού έθνους /</subfield>
   <subfield code="c">Στυλιανός Αλεξίου...[κ.ά.].</subfield>
  </datafield>
  <datafield tag="260" ind1=" " ind2=" ">
   <subfield code="a">Αθήνα :</subfield>
   <subfield code="b">Εκδοτική Αθηνών,</subfield>
   <subfield code="c">1971.</subfield>
  </datafield>
  <datafield tag="300" ind1=" " ind2=" ">
   <subfield code="a">16 τ. :</subfield>
   <subfield code="b">εικ., φωτ., χάρτες ;</subfield>
   <subfield code="c">30 εκ.</subfield>
  </datafield>
  <datafield tag="504" ind1=" " ind2=" ">
   <subfield code="a">Περιέχει βιβλιογραφία και ευρετήριο.</subfield>
  </datafield>
  <datafield tag="505" ind1="0" ind2=" ">
   <subfield code="a">Τ.1. Προϊστορία και πρωτοϊστορία -- Τ.2. Αρχαϊκός ελληνισμός -- Τ.3. Κλασσικός ελληνισμός -- Τ.4. Μέγας Αλέξανδρος. Ελληνιστικοί χρόνοι -- Τ.5. Ελληνισμός και Ρώμη (30πΧ.-324 μ.Χ.) -- Τ.7. Βυζαντινός ελληνισμός -- Τ.8. Βυζαντινός ελληνισμός Μεσοβυζαντινοί χρόνοι, (642-1071) -- Τ.9. Βυζαντινός ελληνισμός, Μεσοβυζαντινοί και υστεροβυζαντινοί χρόνοι -- Τ.10. Ο Ελληνισμός υπό ξένη κυριαρχία (περίοδος 1453-1669), Τουρκοκρατία - Λατινοκρατία -- Τ.11. Ο ελληνισμός υπό ξένη κυριαρχία (περίοδος 1669-1821), Τουρκοκρατία - Λατινοκρατία -- Τ.12. H Ελληνική επανάσταση και ηίδρυση του Ελληνικού κράτους (1821-1832) -- Τ.13. Νεώτερος ελληνισμός από το 1833 ως το 1881 -- Τ.14. Νεώτερος ελληνισμός από το 1881 ως το 1913 -- Τ.15. Νεώτερος ελληνισμός από το 1913 ως το 1941.</subfield>
  </datafield>
  <datafield tag="651" ind1=" " ind2="0">
   <subfield code="a">Ελλάδα</subfield>
   <subfield code="x">Ιστορία.</subfield>
  </datafield>
  <datafield tag="700" ind1="1" ind2=" ">
   <subfield code="a">Αλεξίου, Στυλιανός.</subfield>
  </datafield>
  <datafield tag="700" ind1="1" ind2=" ">
   <subfield code="a">Θεοχάρη, Μαρία Σ.</subfield>
  </datafield>
  <datafield tag="700" ind1="1" ind2=" ">
   <subfield code="a">Θεοχάρης, Δημήτριος.</subfield>
  </datafield>
  <datafield tag="700" ind1="1" ind2=" ">
   <subfield code="a">Ανδρόνικος, Μανόλης,</subfield>
   <subfield code="d">1919-1992.</subfield>
  </datafield>
  <datafield tag="852" ind1=" " ind2=" ">
   <subfield code="a">INST</subfield>
   <subfield code="b">UNIPILB</subfield>
   <subfield code="c">REF</subfield>
   <subfield code="e">20040709</subfield>
   <subfield code="h">Π 949.506 ΙΣ</subfield>
   <subfield code="p">00113596</subfield>
   <subfield code="q">00113596</subfield>
   <subfield code="t">NOLOAN</subfield>
   <subfield code="v">τομ. :</subfield>
   <subfield code="y">23</subfield>
   <subfield code="4">1</subfield>
  </datafield>
  <datafield tag="852" ind1=" " ind2=" ">
   <subfield code="a">INST</subfield>
   <subfield code="b">UNIPILB</subfield>
   <subfield code="c">REF</subfield>
   <subfield code="e">20040709</subfield>
   <subfield code="h">Π 949.506 ΙΣ</subfield>
   <subfield code="p">00113597</subfield>
   <subfield code="q">00113597</subfield>
   <subfield code="t">NOLOAN</subfield>
   <subfield code="v">τομ. :</subfield>
   <subfield code="y">23</subfield>
   <subfield code="4">1</subfield>
  </datafield>
  <datafield tag="852" ind1=" " ind2=" ">
   <subfield code="a">INST</subfield>
   <subfield code="b">UNIPILB</subfield>
   <subfield code="c">REF</subfield>
   <subfield code="e">20040709</subfield>
   <subfield code="h">Π 949.506 ΙΣ</subfield>
   <subfield code="p">00113598</subfield>
   <subfield code="q">00113598</subfield>
   <subfield code="t">NOLOAN</subfield>
   <subfield code="v">v.3α:</subfield>
   <subfield code="y">23</subfield>
   <subfield code="z">v.3α</subfield>
   <subfield code="4">1</subfield>
  </datafield>
  <datafield tag="852" ind1=" " ind2=" ">
   <subfield code="a">INST</subfield>
   <subfield code="b">UNIPILB</subfield>
   <subfield code="c">REF</subfield>
   <subfield code="e">20040709</subfield>
   <subfield code="h">Π 949.506 ΙΣ</subfield>
   <subfield code="p">00113599</subfield>
   <subfield code="q">00113599</subfield>
   <subfield code="t">NOLOAN</subfield>
   <subfield code="v">v.3β:</subfield>
   <subfield code="y">23</subfield>
   <subfield code="z">v.3β</subfield>
   <subfield code="4">1</subfield>
  </datafield>
  <datafield tag="852" ind1=" " ind2=" ">
   <subfield code="a">INST</subfield>
   <subfield code="b">UNIPILB</subfield>
   <subfield code="c">REF</subfield>
   <subfield code="e">20040709</subfield>
   <subfield code="h">Π 949.506 ΙΣ</subfield>
   <subfield code="p">00113600</subfield>
   <subfield code="q">00113600</subfield>
   <subfield code="t">NOLOAN</subfield>
   <subfield code="v">τομ. :</subfield>
   <subfield code="y">23</subfield>
   <subfield code="4">1</subfield>
  </datafield>
  <datafield tag="852" ind1=" " ind2=" ">
   <subfield code="a">INST</subfield>
   <subfield code="b">UNIPILB</subfield>
   <subfield code="c">REF</subfield>
   <subfield code="e">20040709</subfield>
   <subfield code="h">Π 949.506 ΙΣ</subfield>
   <subfield code="p">00113601</subfield>
   <subfield code="q">00113601</subfield>
   <subfield code="t">NOLOAN</subfield>
   <subfield code="v">τομ. :</subfield>
   <subfield code="y">23</subfield>
   <subfield code="4">1</subfield>
  </datafield>
  <datafield tag="852" ind1=" " ind2=" ">
   <subfield code="a">INST</subfield>
   <subfield code="b">UNIPILB</subfield>
   <subfield code="c">REF</subfield>
   <subfield code="e">20040709</subfield>
   <subfield code="h">Π 949.506 ΙΣ</subfield>
   <subfield code="p">00113602</subfield>
   <subfield code="q">00113602</subfield>
   <subfield code="t">NOLOAN</subfield>
   <subfield code="v">τομ. :</subfield>
   <subfield code="y">23</subfield>
   <subfield code="4">1</subfield>
  </datafield>
  <datafield tag="852" ind1=" " ind2=" ">
   <subfield code="a">INST</subfield>
   <subfield code="b">UNIPILB</subfield>
   <subfield code="c">REF</subfield>
   <subfield code="e">20040709</subfield>
   <subfield code="h">Π 949.506 ΙΣ</subfield>
   <subfield code="p">00113603</subfield>
   <subfield code="q">00113603</subfield>
   <subfield code="t">NOLOAN</subfield>
   <subfield code="v">τομ. :</subfield>
   <subfield code="y">23</subfield>
   <subfield code="4">1</subfield>
  </datafield>
  <datafield tag="852" ind1=" " ind2=" ">
   <subfield code="a">INST</subfield>
   <subfield code="b">UNIPILB</subfield>
   <subfield code="c">REF</subfield>
   <subfield code="e">20040709</subfield>
   <subfield code="h">Π 949.506 ΙΣ</subfield>
   <subfield code="p">00113604</subfield>
   <subfield code="q">00113604</subfield>
   <subfield code="t">NOLOAN</subfield>
   <subfield code="v">τομ. :</subfield>
   <subfield code="y">23</subfield>
   <subfield code="4">1</subfield>
  </datafield>
  <datafield tag="852" ind1=" " ind2=" ">
   <subfield code="a">INST</subfield>
   <subfield code="b">UNIPILB</subfield>
   <subfield code="c">REF</subfield>
   <subfield code="e">20040709</subfield>
   <subfield code="h">Π 949.506 ΙΣ</subfield>
   <subfield code="p">00113605</subfield>
   <subfield code="q">00113605</subfield>
   <subfield code="t">NOLOAN</subfield>
   <subfield code="v">τομ. :</subfield>
   <subfield code="y">23</subfield>
   <subfield code="4">1</subfield>
  </datafield>
  <datafield tag="852" ind1=" " ind2=" ">
   <subfield code="a">INST</subfield>
   <subfield code="b">UNIPILB</subfield>
   <subfield code="c">REF</subfield>
   <subfield code="e">20040709</subfield>
   <subfield code="h">Π 949.506 ΙΣ</subfield>
   <subfield code="p">00113606</subfield>
   <subfield code="q">00113606</subfield>
   <subfield code="t">NOLOAN</subfield>
   <subfield code="v">τομ. :</subfield>
   <subfield code="y">23</subfield>
   <subfield code="4">1</subfield>
  </datafield>
  <datafield tag="852" ind1=" " ind2=" ">
   <subfield code="a">INST</subfield>
   <subfield code="b">UNIPILB</subfield>
   <subfield code="c">REF</subfield>
   <subfield code="e">20040709</subfield>
   <subfield code="h">Π 949.506 ΙΣ</subfield>
   <subfield code="p">00113607</subfield>
   <subfield code="q">00113607</subfield>
   <subfield code="t">NOLOAN</subfield>
   <subfield code="v">τομ. :</subfield>
   <subfield code="y">23</subfield>
   <subfield code="4">1</subfield>
  </datafield>
  <datafield tag="852" ind1=" " ind2=" ">
   <subfield code="a">INST</subfield>
   <subfield code="b">UNIPILB</subfield>
   <subfield code="c">REF</subfield>
   <subfield code="e">20040709</subfield>
   <subfield code="h">Π 949.506 ΙΣ</subfield>
   <subfield code="p">00113608</subfield>
   <subfield code="q">00113608</subfield>
   <subfield code="t">NOLOAN</subfield>
   <subfield code="v">τομ. :</subfield>
   <subfield code="y">23</subfield>
   <subfield code="4">1</subfield>
  </datafield>
  <datafield tag="852" ind1=" " ind2=" ">
   <subfield code="a">INST</subfield>
   <subfield code="b">UNIPILB</subfield>
   <subfield code="c">REF</subfield>
   <subfield code="e">20040709</subfield>
   <subfield code="h">Π 949.506 ΙΣ</subfield>
   <subfield code="p">00113609</subfield>
   <subfield code="q">00113609</subfield>
   <subfield code="t">NOLOAN</subfield>
   <subfield code="v">τομ. :</subfield>
   <subfield code="y">23</subfield>
   <subfield code="4">1</subfield>
  </datafield>
  <datafield tag="852" ind1=" " ind2=" ">
   <subfield code="a">INST</subfield>
   <subfield code="b">UNIPILB</subfield>
   <subfield code="c">REF</subfield>
   <subfield code="e">20040709</subfield>
   <subfield code="h">Π 949.506 ΙΣ</subfield>
   <subfield code="p">00113610</subfield>
   <subfield code="q">00113610</subfield>
   <subfield code="t">NOLOAN</subfield>
   <subfield code="v">τομ. :</subfield>
   <subfield code="y">23</subfield>
   <subfield code="4">1</subfield>
  </datafield>
  <datafield tag="852" ind1=" " ind2=" ">
   <subfield code="a">INST</subfield>
   <subfield code="b">UNIPILB</subfield>
   <subfield code="c">REF</subfield>
   <subfield code="e">20040709</subfield>
   <subfield code="h">Π 949.506 ΙΣ</subfield>
   <subfield code="p">00113611</subfield>
   <subfield code="q">00113611</subfield>
   <subfield code="t">NOLOAN</subfield>
   <subfield code="v">τομ. :</subfield>
   <subfield code="y">23</subfield>
   <subfield code="4">1</subfield>
  </datafield>
 </record>
</collection>
